00162nam a2200073Ia 4500008004100000100000900041245002900050260000900079190216s9999||||xx |||||||||||||| ||und|| aNull 0aHindi-Ghul Akash Ka Nime bNull